000 00468pab a2200181 454500
008 180718b2011 xxu||||| |||| 00| 0 eng d
100 _aAkresh, Richard
245 _aCivil war, crop failure, and child stunting in Rwanda
260 _c2011
300 _ap.777-810.
362 _aJul
650 _aChild welfare
700 _aBundervoet, Tom
700 _aVerwimp, Philip
773 _aEconomic Development and Cultural Change
908 _aN
909 _a92793
999 _c92793
_d92793